El pensamiento crítico (Registro nro. 21783)

Detalles MARC
000 -LEADER
fixed length control field 00343 a2200121 4500
001 - CONTROL NUMBER
control field ART_41983
005 - DATE AND TIME OF LATEST TRANSACTION
control field 20260410161815.0
008 - FIXED-LENGTH DATA ELEMENTS--GENERAL INFORMATION
fixed length control field 260409a
100 1# - MAIN ENTRY--PERSONAL NAME
Personal name Cardinaux, Nancy
245 10 - TITLE STATEMENT
Title El pensamiento crítico
700 1# - ADDED ENTRY--PERSONAL NAME
Personal name Palombo, María Angélica
773 0# - HOST ITEM ENTRY
Title Academia
Related parts - Año 5, Nº 10 (jul./dic. 2007)
Record control number REV4314

No hay ítems disponibles.